El acuerdo de regulacin̤ de empleo y la actuacin̤ de oficio de la administracin̤ laboral en la accin̤ de nulidad

Bibliographic Details
Main Author: Medina, Jose Mara̕
Format: eBook
Language:Spanish
Published: Barcelona : Editorial vLex, 2013
Subjects:
Online Access:http://www.vlex.com/source/11317

MARC

LEADER 00000nam a22000007a 4500
005 20130614103302.0
007 cr|||| ||||
008 130614e2013 sp |||||s|||| 00||0 spa d
035 |a 11317 
040 |a vLex 
090 |c 4354  |d 4354 
100 1 0 |a Medina, Jose Mara̕ 
245 1 3 |a El acuerdo de regulacin̤ de empleo y la actuacin̤ de oficio de la administracin̤ laboral en la accin̤ de nulidad  |c / Jose Mara̕ Medina  |h [Recurso electrn̤ico] 
256 |a Servicio en ln̕ea 
260 |a Barcelona :  |b Editorial vLex,   |c 2013 
300 |a 1 Recurso electrn̤ico 
506 |a Contenido solo disponible en los productos indicados  |d vLex Global   |d vLex Global (Academic Edition, excluding Law Schools)  |d vLex Global (U.S. Academic Edition, Law Schools)  |d vLex Global (U.S. Academic Edition, excluding Law Schools)  |d vLex Global (Academic Edition, Law Schools) 
650 4 |a Derecho laboral y Seguridad Social  |z Espaą 
740 |a vLex Libros (Servicio en ln̕ea) 
856 |a Acceso restringido  |u http://www.vlex.com/source/11317 
942 |c BOOK 
999 0 |b Labor laws and legislation